On This Day: October 10th II Quiz Stats

 Plays Quiz Updated Oct 10, 2018

Score 0/7 Timer 03:00
0 Plays Today
Question Answer Wrong Answers
This US President apologizes to the finance minister of Ghana, Komla Agbeli Gbedemah, after he is refused service in a Dover, Delaware restaurant.
1957
Dwight D. Eisenhower
75.8%
Harry S. Truman
12.1%
John F. Kennedy
4.9%
Lyndon B. Johnson
6.5%
Sold, dismantled, and moved to the United States, ______ officially reopens in Lake Havasu City, Arizona.
1971
London Bridge
70.6%
Charles Bridge
7.6%
Rialto Bridge
9.7%
Tower Bridge
10.6%
Starring Sean Connery and Daniela Bianchi, this movie, which was the second James Bond film based on a novel by Ian Fleming, premieres in London.
1963
From Russia With Love
61.6%
Dr. No
25.7%
Live and Let Die
5.7%
Licence to Kill
5.9%
Fiji gains their independence from this nation.
1970
United Kingdom
61.2%
United States
4.4%
France
23.3%
Netherlands
9.6%
The opening Ceremony of the 1964 Summer Olympics in ______ is broadcast live, making it the first Olympic telecast relayed by geostationary satellite.
1964
Tokyo
59.8%
Munich
19.3%
Berlin
13.5%
Atlanta
5.9%
This Spanish monarch, who would ascend to the throne as a toddler, is born.
1830
Isabella II
42.9%
Joseph I
7%
Ferdinand VI
48.5%
Joanna
1.5%
This man begins the first of five terms, spanning 46 years, as a Chairman of the Republic of China.
1928
Chiang Kai-shek
30.5%
Mao Zedong
65.1%
Hirohito
2.2%
Pol Pot
2%

You're not logged in!

Compare scores with friends on all Sporcle quizzes.
OR
Log In

Show Comments

Extras

Top Quizzes Today


Score Distribution

Your Account Isn't Verified!

In order to create a playlist on Sporcle, you need to verify the email address you used during registration. Go to your Sporcle Settings to finish the process.

Report this User

Report this user for behavior that violates our Community Guidelines.

Details: